LEADER 01050nam a2200241 a 4500 001 000000167054 003 CaOOAMICUS 005 20180413093340.0 008 180413s1987 it u000 u ita r 032 $aLibriCat 040 $aPUL$bita 100 1 $aDesinano, Paolo.$0(OLS)http://pul/name/107731 245 12$aL'uomo religioso nella transizione informatica : $briflessioni sui nuovi paradigmi di pensiero /$cPaolo Desinano. 260 $aS. Maria degli Angeli :$bPorziuncola,$c©1987. 300 $a99 p. ;$c21 cm. 504 $aBibliografia p. 95-99. 650 4$aInformatica e societą.$0(OLS)http://pul/subject/25935 850 $aPUL 852 $aPUL$W1$xDP1 Fondo Dalla Palma$y117$m1 D 57$j42376$qFondi$B194594$CPULBib$Z2$F194594 $HDal1823 $81 941 1 $a1 996 $6245$aL'uomo religioso nella transizione informatica : $briflessioni sui nuovi paradigmi di pensiero$9(OLS)http://pul/title/206893 996 $6260$aS. Maria degli Angeli :$bPorziuncola$9(OLS)http://pul/publisher/48479 LEADER 01729nam a2200397 a 4500 001 000000174883 003 CaOOAMICUS 005 20220110163415.0 008 220110s2006 it u000 u ita r 020 $a88-343-0884-0* 032 $aLibriCat 040 $aPUL$bita 110 2 $aUniversitą cattolica del Sacro Cuore.$bColloquio$c(Milano :$d1999).$0(OLS)http://pul/name/97802 245 13$aLa Carta di Nizza :$bi diritti fondamentali dell'Europa / $cLuigi Mari ... [et al.] ; a cura di Mario Napoli. 250 $a1a ristampa 260 $aMilano :$bV&P,$c©2006. 300 $aXII, 109 p. ;$c22 cm. 490 1 $aRicerche. Diritto 490 1 $aVita e pensiero. Universitą 504 $aBibliografia in nota. 610 14$aUnione europea--Carta dei diritti fondamentali.$0(OLS)http://pul/subject/46534 700 1 $aMari, Luigi.$0(OLS)http://pul/name/112427 700 1 $aNapoli, Mario,$d1945-$0(OLS)http://pul/name/78904 830 0$aUniversitą (Vita e Pensiero).$0(OLS)http://pul/title/154439 830 0$aRicerche (Vita e Pensiero). $pDiritto.$0(OLS)http://pul/title/200205 850 $aPUL 852 $aPUL$W1$xDP1 Cons. Gen., Altre Classi 1$y22$m389 F 4$j199186$qStampati$B203849$CPULBib$Z2$F203849 $H135348 $82 941 1 $a8 983 0$aVita e pensiero.$pUniversitą. 983 0$aV & P. Universitą. 983 0$aDiritto.$pRicerche (Vita e pensiero) 983 0$aV & P. Diritto. Ricerche. 996 $6020$a88-343-0884-0*$9(OLS)http://pul/number/160981 996 $6245$aLa Carta di Nizza :$bi diritti fondamentali dell'Europa / $9(OLS)http://pul/title/216254 996 $6260$aMilano :$bV&P$9(OLS)http://pul/publisher/78336